[Event "Titled Tue 10th Jun Early"]
[Site "chess.com INT"]
[Date "2025.06.10"]
[Round "1"]
[White "Tomb, Maroun"]
[Black "Tabatabaei, M. Amin"]
[Result "0-1"]
[WhiteTitle "CM"]
[BlackTitle "GM"]
[WhiteElo "2090"]
[BlackElo "2655"]
[WhiteFideId "5300398"]
[BlackFideId "12521213"]
[EventDate "2025.06.10"]

1. e4 e5 2. Nf3 Nc6 3. Bb5 a6 4. Ba4 Nf6 5. d4 exd4 6. O-O Be7 7. e5 Ne4 8. Nxd4
O-O 9. Bf4 Nc5 10. Bb3 Nxd4 11. Qxd4 Ne6 12. Qd2 Nxf4 13. Qxf4 d6 14. Nc3 dxe5
15. Qxe5 Bd6 16. Qh5 g6 17. Qh6 Qf6 18. Ne4 Qxb2 19. Nxd6 cxd6 20. Rad1 Qf6 21.
Rd5 Rd8 22. Rfd1 Bg4 23. f3 Bf5 24. Qd2 Rac8 25. c4 Be6 26. Rxd6 Rxd6 27. Qxd6
Qg5 28. Qd4 h5 29. h4 Qa5 30. Kh2 Bxc4 31. Bxc4 Qc7+ 32. Kh3 Qxc4 33. Qxc4 Rxc4
34. Rd7 b5 35. Rd2 Ra4 36. Kg3 Kg7 37. Re2 Kf6 38. Kh3 Kf5 39. Kg3 f6 40. Kh3 g5
41. hxg5 fxg5 42. Kg3 h4+ 43. Kh3 Ra3 44. Rc2 Kf4 45. Rb2 Ra4 46. Rc2 b4 47.
Rc4+ Ke3 48. Rg4 a5 49. Rxg5 Rxa2 50. Kxh4 b3 51. Rb5 a4 52. Kg4 b2 53. f4 a3
54. f5 Ra1 55. f6 b1=Q 56. Rxb1 Rxb1 57. Kg5 Rf1 58. g4 a2 59. Kg6 a1=Q 60. g5
Qe5 61. f7 Qf5+ 62. Kh6 Rh1+ 63. Kg7 Rh7+ 0-1

[Event "Titled Tue 10th Jun Early"]
[Site "chess.com INT"]
[Date "2025.06.10"]
[Round "1"]
[White "Liubarov, Mark"]
[Black "Bukreev, Stanislav"]
[Result "0-1"]
[WhiteTitle "FM"]
[BlackTitle "FM"]
[WhiteElo "2331"]
[BlackElo "2305"]
[WhiteFideId "4142110"]
[BlackFideId "34252347"]
[EventDate "2025.06.10"]

1. d4 Nf6 2. Nf3 d5 3. c4 e6 4. g3 Bb4+ 5. Bd2 Be7 6. Bg2 O-O 7. O-O c6 8. Qc2
Nbd7 9. b3 Ne4 10. Rd1 a5 11. Nc3 Nxd2 12. Nxd2 f5 13. f3 f4 14. gxf4 Rxf4 15.
e3 Rh4 16. e4 Nf8 17. Ne2 Ng6 18. e5 Bg5 19. Nf1 Nf4 20. Nfg3 Bd7 21. Rab1 Be8
22. Qc3 Bg6 23. Rb2 Qe7 24. b4 dxc4 25. Qxc4 Nd5 26. bxa5 Ne3 27. Qb3 Nxd1 28.
Qxd1 Rxa5 29. Qb3 Rb5 30. Qc3 Rxb2 31. Qxb2 Be3+ 32. Kh1 Bd3 33. Qb3 Bxe2 34.
Qxe3 Bc4 35. Ne4 Bd5 36. Nd6 h6 37. f4 Rg4 38. Bxd5 cxd5 39. f5 exf5 40. Nxf5
Qb4 41. Ne7+ Qxe7 42. Qf3 Re4 43. Kg2 Rxd4 44. Qc3 Re4 45. Qc8+ Kh7 46. Qf5+ g6
47. Qc8 Rxe5 48. h4 Re2+ 49. Kf1 Re1+ 50. Kg2 Qe2+ 51. Kg3 Rg1+ 52. Kh3 Qf3+ 53.
Kh2 Qg2# 0-1

[Event "Titled Tue 10th Jun Early"]
[Site "chess.com INT"]
[Date "2025.06.10"]
[Round "1"]
[White "Mikhalsky, Vladimir"]
[Black "Manvelyan, Mikayel"]
[Result "0-1"]
[BlackTitle "FM"]
[WhiteElo "2219"]
[BlackElo "2362"]
[WhiteFideId "14144352"]
[BlackFideId "13310143"]
[EventDate "2025.06.10"]

1. d4 d5 2. c4 e6 3. Nf3 Nf6 4. g3 Be7 5. Bg2 O-O 6. O-O dxc4 7. Qc2 a6 8. a4
Bd7 9. Qxc4 Bc6 10. Rd1 b5 11. Qc2 Be4 12. Qb3 Bd5 13. Qc2 Nc6 14. Nc3 Bxf3 15.
Bxf3 Nxd4 16. Rxd4 Qxd4 17. Be3 Qd7 18. Bxa8 Rxa8 19. axb5 a5 20. Rd1 Qe8 21.
Qa4 Bb4 22. Qb3 h5 23. Qc4 Bxc3 24. bxc3 Nd5 25. Bc1 Rb8 26. e4 Nf6 27. Qxc7
Qxb5 28. c4 Qb3 29. Rd8+ Rxd8 30. Qxd8+ Kh7 31. Qd4 Qb1 32. Qe3 Qxe4 33. c5 Qxe3
34. Bxe3 Nd5 35. c6 Kg8 36. Bc5 f6 37. Bd6 Kf7 38. Kf1 Ke8 39. Ke2 Nb4 40. c7
Kd7 41. Bf8 g6 42. Bg7 Nd5 43. Kd3 Kxc7 44. Kc4 Kc6 45. Bf8 Nb6+ 46. Kd4 a4 47.
Ba3 Kb5 48. f3 e5+ 49. Ke4 Kc4 50. Be7 Nd5 51. Bf8 Nc3+ 52. Ke3 Nb5 53. g4 a3 0-1

[Event "Titled Tue 10th Jun Early"]
[Site "chess.com INT"]
[Date "2025.06.10"]
[Round "1"]
[White "Llorente Zaro, Alfonso"]
[Black "Burmakin, Evgeniy"]
[Result "1-0"]
[WhiteTitle "IM"]
[BlackTitle "FM"]
[WhiteElo "2433"]
[BlackElo "2110"]
[WhiteFideId "2254131"]
[BlackFideId "4163729"]
[EventDate "2025.06.10"]

1. b4 e5 2. Bb2 Bxb4 3. Bxe5 Nf6 4. Nf3 Nc6 5. Bc3 Bxc3 6. Nxc3 d5 7. e3 d4 8.
Nb5 dxe3 9. fxe3 O-O 10. Bd3 Nb4 11. Be2 c5 12. O-O Bf5 13. d3 a6 14. Nc3 Bg4
15. Nh4 Bxe2 16. Qxe2 g6 17. Rab1 Rb8 18. Nf3 Nc6 19. a4 Re8 20. Qd2 Kg7 21. h3
Qa5 22. Rf2 Re7 23. Rbf1 Rbe8 24. Ng5 h6 25. Rxf6 hxg5 26. e4 Nd4 27. R6f2 b5
28. axb5 axb5 29. Nd5 Qxd2 30. Rxd2 Ra7 31. c3 Ne6 32. Rb1 Rb8 33. Rdb2 Rab7 34.
Kf2 f5 35. e5 Kf7 36. Ke3 Nf8 37. d4 Ke6 38. Nf6 Nd7 39. Nxd7 Kxd7 40. d5 b4 41.
cxb4 cxb4 42. Rb3 Rb5 43. Kd4 f4 44. Ra1 R8b7 45. Ra6 R7b6 46. Rxb6 Rxb6 47. Kc5
Ra6 48. Rxb4 Ra7 49. e6+ Ke7 50. Kc6 Ra2 51. Rb7+ Kf6 52. Rf7+ Ke5 53. e7 Rb2
54. e8=Q+ Kd4 55. Qh8+ 1-0

[Event "Titled Tue 10th Jun Early"]
[Site "chess.com INT"]
[Date "2025.06.10"]
[Round "1"]
[White "Silva, Luca"]
[Black "Sklokin, Sergey"]
[Result "0-1"]
[WhiteTitle "FM"]
[BlackTitle "FM"]
[WhiteElo "2211"]
[BlackElo "2311"]
[WhiteFideId "147370"]
[BlackFideId "55730230"]
[EventDate "2025.06.10"]

1. e4 c5 2. Nf3 e6 3. d3 d5 4. Qe2 Nc6 5. g3 Nf6 6. Bg2 Be7 7. O-O O-O 8. e5 Nd7
9. c4 dxc4 10. dxc4 Qc7 11. Bf4 Rd8 12. Nc3 a6 13. Rad1 b6 14. h4 Bb7 15. Rfe1
h6 16. Nd5 exd5 17. cxd5 Ncxe5 18. Nxe5 Nxe5 19. Bxe5 Bd6 20. Bc3 Qd7 21. Kh2 b5
22. Bh3 Qc7 23. Qg4 Bf8 24. Be5 Qb6 25. Bg2 Re8 26. d6 Bxg2 27. Kxg2 Rad8 28. d7
Re6 29. Bf4 Qc6+ 30. Kh2 Rxd7 31. Rxd7 Qxd7 32. Bxh6 Qd5 33. Rxe6 fxe6 34. Be3
Qxa2 35. h5 Qd5 36. h6 Qf5 37. Qh4 gxh6 38. Qd8 Kf7 39. Qc7+ Be7 40. Kg1 c4 41.
Qb7 a5 42. Qa6 a4 43. Qb7 Qd5 44. Qc7 b4 45. Bxh6 Qd1+ 46. Kg2 Qd5+ 47. Kg1 a3
48. bxa3 b3 49. Qb6 c3 50. Be3 b2 51. Kh2 Qh5+ 52. Kg2 Qd1 53. Qb7 b1=Q 54. Qc7
Qd5+ 55. Kh2 Qbh1# 0-1

[Event "Titled Tue 10th Jun Early"]
[Site "chess.com INT"]
[Date "2025.06.10"]
[Round "1"]
[White "Goldin, Roman"]
[Black "Wong, Yinn Long"]
[Result "0-1"]
[WhiteTitle "FM"]
[BlackTitle "FM"]
[WhiteElo "2299"]
[BlackElo "2300"]
[WhiteFideId "2803860"]
[BlackFideId "5707684"]
[EventDate "2025.06.10"]

1. d4 Nf6 2. g3 c5 3. d5 e6 4. c4 exd5 5. cxd5 d6 6. Nc3 g6 7. Bg2 Bg7 8. Nf3
O-O 9. Nd2 b6 10. O-O Na6 11. Nc4 Rb8 12. Bf4 Ne8 13. Ne4 b5 14. Ncxd6 Rb6 15.
Nxc8 Qxc8 16. Rc1 Bxb2 17. Rc2 Bg7 18. Nxc5 Nxc5 19. Be3 Rd6 20. Bxc5 Qd7 21. e4
Ra6 22. f4 Nd6 23. e5 Nf5 24. g4 Nh4 25. Bxf8 Bxf8 26. d6 Qd8 27. Qd5 Qb6+ 28.
Kh1 Qe3 29. Qd2 Qb6 30. f5 Nxg2 31. Qxg2 Qd8 32. Rd2 b4 33. Qd5 Ra5 34. Qd4 Qa8+
35. Kg1 Qd8 36. e6 Bg7 37. e7 Bxd4+ 38. Rxd4 Qd7 39. Re1 Kg7 40. e8=Q Qb7 41.
Qe5+ Rxe5 42. Rxe5 Qd7 43. Re7 Qc6 44. d7 Qc1+ 45. Kf2 Qb2+ 46. Ke3 Qc1+ 47. Kd3
Qd1+ 48. Kc4 Qc2+ 49. Kd5 Qc7 50. Ke4 Kf6 51. g5+ Kxg5 0-1

[Event "Titled Tue 10th Jun Early"]
[Site "chess.com INT"]
[Date "2025.06.10"]
[Round "1"]
[White "Lopez Rayo, Santiago"]
[Black "Cardozo Munar, Carlos Eduardo"]
[Result "0-1"]
[WhiteTitle "FM"]
[BlackTitle "FM"]
[WhiteElo "2282"]
[BlackElo "2052"]
[WhiteFideId "4455665"]
[BlackFideId "4409477"]
[EventDate "2025.06.10"]

1. e4 e6 2. d4 d5 3. Nc3 Nf6 4. e5 Nfd7 5. f4 c5 6. Nf3 Qb6 7. Na4 Qc7 8. Be3
Nc6 9. dxc5 Qa5+ 10. c3 b5 11. cxb6 axb6 12. b3 b5 13. Nb2 Qxc3+ 14. Qd2 Bb4 15.
Kf2 d4 16. Nxd4 Qxd2+ 17. Bxd2 Nxd4 18. Bxb4 Nc2 19. Bd6 Nxa1 20. a4 Nxb3 21.
Bxb5 Nd4 22. Bd3 Nb6 23. Rc1 Bd7 24. Bc5 Nb3 25. Rc3 Nxc5 26. Rxc5 Nxa4 27. Nxa4
Rxa4 28. Bb5 Bxb5 29. Rc8+ Ke7 30. Rxh8 Rxf4+ 31. Kg3 Rf5 32. Rxh7 g6 33. h4
Rxe5 34. Rh8 Be8 35. Kh2 Rh5 36. Rg8 Rxh4+ 37. Kg3 Rh5 38. Kf3 f5 39. g4 Rh3+
40. Kf4 Rh4 41. Kg5 Rxg4+ 42. Kh6 e5 43. Rg7+ Bf7 44. Kh7 e4 45. Kh8 e3 46. Rh7
g5 47. Kg7 f4 48. Rh1 e2 49. Ra1 f3 50. Ra7+ Ke6 51. Ra6+ Ke5 52. Kxf7 Kf4 53.
Rf6+ Kg3 54. Re6 Kf2 55. Kf6 Rf4+ 56. Kxg5 Rd4 57. Kf5 e1=Q 58. Rxe1 Kxe1 59.
Ke5 Rd2 60. Ke4 f2 61. Ke3 f1=Q 62. Ke4 Re2+ 63. Kd4 Qf3 64. Kc5 Re4 65. Kb6 Qf5
66. Kb7 Re6 67. Ka8 Qf8+ 68. Kb7 Qf7+ 69. Kc8 Re8# 0-1

[Event "Titled Tue 10th Jun Early"]
[Site "chess.com INT"]
[Date "2025.06.10"]
[Round "1"]
[White "Moro Saidon, Gonzalo"]
[Black "Thorhallsson, Simon"]
[Result "1-0"]
[BlackTitle "FM"]
[WhiteElo "2114"]
[BlackElo "2202"]
[WhiteFideId "140082"]
[BlackFideId "2310090"]
[EventDate "2025.06.10"]

1. Nf3 Nf6 2. g3 c5 3. Bg2 Nc6 4. d4 cxd4 5. Nxd4 h5 6. h3 d5 7. c4 e5 8. Nxc6
bxc6 9. O-O h4 10. g4 Bxg4 11. cxd5 cxd5 12. Bg5 Be6 13. Nc3 d4 14. Ne4 Be7 15.
Qa4+ Kf8 16. Rac1 Nxe4 17. Bxe7+ Qxe7 18. Bxe4 Rd8 19. Kh2 Qg5 20. Qa3+ Kg8 21.
Qf3 f5 22. Bb7 e4 23. Qg2 Qf4+ 24. Kh1 Rh5 25. Rg1 Qe5 26. Rc5 Qf6 27. Bxe4 fxe4
28. Rxh5 d3 29. Rg5 Rd7 30. Rg6 Qe5 31. Rg5 Qxb2 32. Qxe4 Qxa2 33. exd3 Bd5 34.
Rxd5 Qxd5 35. Qxd5+ Rxd5 36. Ra1 Rd7 37. Ra4 g5 38. Ra5 Rg7 39. Kg2 Kh7 40. Kf3
Rd7 41. Kg4 Rxd3 42. Rxa7+ Kg6 43. Ra6+ Kf7 44. Kxg5 Rf3 45. Kxh4 Rxf2 46. Kg4
Rg2+ 47. Kf4 Rg1 48. h4 Rf1+ 49. Kg5 Rg1+ 50. Kh5 Kg7 51. Rb6 Kh7 52. Rb7+ Kh8
53. Kh6 Rg8 54. Rh7# 1-0

[Event "Titled Tue 10th Jun Early"]
[Site "chess.com INT"]
[Date "2025.06.10"]
[Round "1"]
[White "Buscar, Michael"]
[Black "Ebrahimi Herab, Hamidreza"]
[Result "0-1"]
[BlackTitle "FM"]
[WhiteElo "2016"]
[BlackElo "2404"]
[WhiteFideId "2603616"]
[BlackFideId "22512888"]
[EventDate "2025.06.10"]

1. d4 Nf6 2. c4 g6 3. Nc3 d5 4. Nf3 Bg7 5. Qb3 dxc4 6. Qxc4 O-O 7. Bf4 c6 8. e3
b5 9. Qb3 a5 10. Be2 Be6 11. Qc2 Na6 12. O-O Rc8 13. Rfc1 Nd5 14. Be5 Qb6 15.
Bxg7 Kxg7 16. Ng5 Bd7 17. Qe4 e6 18. Qh4 h6 19. Nge4 Qd8 20. Qxd8 Rfxd8 21. Nxd5
exd5 22. Nc5 Nxc5 23. Rxc5 Kf8 24. Rac1 Ke7 25. Bd3 Kd6 26. Kf1 f5 27. Ke2 g5
28. Kf3 Rf8 29. h3 Rce8 30. g3 f4 31. exf4 Bxh3 32. Rxc6+ Kd7 33. f5 Bxf5 34.
Bxf5+ Rxf5+ 35. Kg4 Rff8 36. Rc7+ Kd8 37. Rc8+ Kd7 38. R1c7+ Kd6 39. Rc6+ Kd7
40. R8c7+ Kd8 41. Rc8+ Kd7 42. R8c7+ Kd8 43. Rc8+ Ke7 44. Rxe8+ Rxe8 45. Rxh6
Rf8 46. f4 gxf4 47. gxf4 Rg8+ 48. Kf3 Rg1 49. Rh2 Rf1+ 50. Rf2 Rd1 51. Re2+ Kd6
52. Ke3 b4 53. b3 Ke7 54. Rd2 Ra1 55. Kf3 Kf6 56. Ke3 Re1+ 57. Kf2 Re4 58. Kg3
Kf5 59. Kf3 Rxf4+ 60. Ke3 Rh4 61. Kd3 Rh3+ 62. Kc2 Ke4 63. Kb2 Rd3 64. Rh2 Kxd4
65. Rh5 Rd2+ 66. Kb1 Kc3 67. Rh3+ Rd3 68. Rh1 d4 69. Rc1+ Kd2 70. Rc5 Rh3 71.
Rxa5 d3 72. Re5 Re3 73. Rc5 Ke2 0-1

[Event "Titled Tue 10th Jun Early"]
[Site "chess.com INT"]
[Date "2025.06.10"]
[Round "1"]
[White "Rustamov, Rustam"]
[Black "Kulnev, Aleksandr"]
[Result "0-1"]
[WhiteTitle "FM"]
[BlackTitle "CM"]
[WhiteElo "2334"]
[BlackElo "2213"]
[WhiteFideId "13440110"]
[BlackFideId "54157544"]
[EventDate "2025.06.10"]

1. e4 c5 2. Nf3 d6 3. d4 cxd4 4. Nxd4 Nf6 5. Nc3 a6 6. a3 e5 7. Nf5 d5 8. Bg5 d4
9. Bxf6 gxf6 10. Nb1 Bxf5 11. exf5 Nc6 12. Nd2 Ne7 13. Ne4 Qb6 14. Bd3 h5 15.
O-O h4 16. Qf3 h3 17. g3 Bg7 18. b4 Rc8 19. Nc5 Rc7 20. Be4 Nc6 21. Rad1 Bf8 22.
Nd3 Nd8 23. Qe2 Bd6 24. f4 Kf8 25. fxe5 fxe5 26. Kh1 f6 27. g4 Nf7 28. Bd5 Ng5
29. Rfe1 Rc3 30. Nf4 Re3 31. Ng6+ Kg7 32. Qc4 Rc3 33. Qe2 Rhc8 34. Rd2 Qc7 35.
b5 Qc5 36. Bxb7 Rc7 37. bxa6 Qxa3 38. Qb5 Qc5 39. Qxc5 Bxc5 40. Rb1 Ba7 41. Re2
Rxc2 42. Rxc2 Rxc2 43. Bd5 Rc7 44. Nh4 e4 45. Rd1 d3 46. Ng6 e3 47. Nf4 e2 48.
Rb1 Bf2 49. a7 Rxa7 50. Nxd3 Be3 51. Bc4 Bd2 52. Ne1 Bxe1 53. Rxe1 Nf3 0-1

[Event "Titled Tue 10th Jun Early"]
[Site "chess.com INT"]
[Date "2025.06.10"]
[Round "1"]
[White "De Sousa, Antonio Micaias Silva"]
[Black "Shubenkova, Veronika"]
[Result "1-0"]
[BlackTitle "WFM"]
[WhiteElo "2007"]
[BlackElo "2031"]
[WhiteFideId "22798528"]
[BlackFideId "44124040"]
[EventDate "2025.06.10"]

1. e4 e6 2. b3 d5 3. Bb2 Nf6 4. e5 Nfd7 5. Qg4 c5 6. Nf3 Nc6 7. Bb5 h5 8. Qg3 g6
9. Bxc6 bxc6 10. O-O Ba6 11. Re1 Bg7 12. d3 O-O 13. Nbd2 Qc7 14. Rad1 Rac8 15.
a4 Rfd8 16. h3 Nf8 17. Qf4 Rd7 18. g4 f6 19. Qg3 hxg4 20. hxg4 Rf7 21. exf6
Qxg3+ 22. fxg3 Bxf6 23. Bxf6 Rxf6 24. Ne5 Nh7 25. Rf1 Rc7 26. Rxf6 Nxf6 27. Rf1
Kg7 28. Kg2 Bc8 29. g5 Ne8 30. g4 a5 31. Kg3 Ba6 32. Ndf3 c4 33. bxc4 dxc4 34.
d4 Nd6 35. Rh1 Ne4+ 36. Kf4 Nc3 37. Rh6 Nd5+ 38. Ke4 c3 39. Rxg6+ Kh7 40. Rxe6
Be2 41. g6+ Kg7 42. Ng5 Bd1 43. Rxc6 Bxc2+ 44. Kf3 Re7 45. Ne6+ 1-0

[Event "Titled Tue 10th Jun Early"]
[Site "chess.com INT"]
[Date "2025.06.10"]
[Round "1"]
[White "Grezels, Florian"]
[Black "Bouska, Jiri"]
[Result "1-0"]
[WhiteTitle "FM"]
[BlackTitle "FM"]
[WhiteElo "2306"]
[BlackElo "2318"]
[WhiteFideId "20696450"]
[BlackFideId "23722223"]
[EventDate "2025.06.10"]

1. e4 c5 2. Nf3 d6 3. d4 cxd4 4. Nxd4 Nf6 5. Nc3 Nc6 6. f3 e5 7. Nb3 Be7 8. Be3
O-O 9. Qd2 a5 10. Bb5 Na7 11. Bd3 Be6 12. Rd1 Nc8 13. a4 Nb6 14. O-O Nc4 15.
Bxc4 Bxc4 16. Rfe1 Rc8 17. Bg5 Rc6 18. Kh1 h6 19. Bxf6 Bxf6 20. Nc1 Bh4 21. Rg1
Qb6 22. g3 Bg5 23. f4 Bf6 24. b3 Be6 25. f5 Bg5 26. Qd3 Rfc8 27. N1e2 Bd7 28.
Nd5 Qa6 29. c4 Bd8 30. g4 Rc5 31. Ng3 Bc6 32. Rdf1 f6 33. Nh5 Kf7 34. h4 Bxd5
35. exd5 Qb6 36. Ng3 R5c7 37. Ne4 Qb4 38. Rg3 Be7 39. Rfg1 Rh8 40. Qc3 Qb6 41.
Kg2 h5 42. g5 fxg5 43. hxg5 h4 44. Rg4 h3+ 45. Kh2 Ke8 46. f6 gxf6 47. gxf6 Bf8
48. Qf3 Qd4 49. Ng5 Qb2+ 50. Kh1 h2 51. f7+ Kd7 52. Qf5+ Kd8 53. Rf1 Rd7 54.
Ne6+ Kc8 55. Rg8 Qxb3 56. Rxh8 Qxc4 57. Rxf8+ Rd8 58. Rxd8# 1-0

[Event "Titled Tue 10th Jun Early"]
[Site "chess.com INT"]
[Date "2025.06.10"]
[Round "1"]
[White "Mottola, Max"]
[Black "Agarwal, Amaya"]
[Result "1-0"]
[BlackTitle "WCM"]
[WhiteElo "2247"]
[BlackElo "2004"]
[WhiteFideId "30985862"]
[BlackFideId "48733580"]
[EventDate "2025.06.10"]

1. d4 d5 2. Nf3 Nf6 3. Bf4 c5 4. e3 Nc6 5. Nbd2 Bg4 6. c3 Qb6 7. Qb3 c4 8. Qc2
e6 9. b3 cxb3 10. axb3 Be7 11. Bd3 O-O 12. O-O h6 13. h3 Bxf3 14. Nxf3 Rac8 15.
Qb2 Qd8 16. b4 a6 17. b5 axb5 18. Qxb5 Qd7 19. Rfb1 Bd6 20. Bxd6 Qxd6 21. Qxb7
Rb8 22. Qa6 Ra8 23. Qxa8 Rxa8 24. Rxa8+ Nd8 25. Rbb8 g6 26. Rxd8+ Qxd8 27. Rxd8+
Kg7 28. c4 dxc4 29. Bxc4 Ne4 30. Rd7 Nf6 31. Ra7 Kg8 32. Ne5 Nd5 33. Nxf7 Kf8
34. Nxh6 Nb6 35. Bxe6 Ke8 36. Bf7+ Kd8 37. Bxg6 Kc8 38. Nf5 Nd7 39. h4 Kd8 40.
h5 Kc8 41. g4 Kd8 42. f4 Kc8 43. e4 Kb8 44. Rxd7 Ka8 45. Re7 Kb8 46. d5 Ka8 47.
e5 Kb8 48. e6 Ka8 49. Ne3 Kb8 50. f5 Ka8 51. f6 Kb8 52. Be4 Ka8 53. g5 Kb8 54.
g6 Kc8 55. h6 Kb8 56. d6 Kc8 57. h7 Kb8 58. h8=N Kc8 59. g7 Kb8 60. g8=N Kc8 61.
f7 Kb8 62. f8=N Kc8 63. Rd7 Kb8 64. e7 Kc8 65. e8=N Kb8 66. Bf5 Kc8 67. Re7+ Kb8
68. d7 Ka8 69. d8=N Kb8 70. Ra7 Kxa7 71. Be4 Kb8 72. Ba8 Kxa8 73. Nde6 Kb8 74.
Nef6 Kb7 75. Nfg6 Ka8 76. N8e7 Kb8 77. Nf7 Kb7 78. Nd6+ Ka7 79. N3d5 Ka6 80. Ne5
Ka7 81. N7c6+ Ka6 82. Nec7# 1-0

[Event "Titled Tue 10th Jun Early"]
[Site "chess.com INT"]
[Date "2025.06.10"]
[Round "1"]
[White "Brozynski, Patryk"]
[Black "Tahmasebi, Hamidreza"]
[Result "0-1"]
[WhiteTitle "CM"]
[BlackTitle "FM"]
[WhiteElo "2192"]
[BlackElo "2298"]
[WhiteFideId "2512700"]
[BlackFideId "12537527"]
[EventDate "2025.06.10"]

1. Nf3 Nf6 2. b3 g6 3. Bb2 Bg7 4. d4 O-O 5. e3 d5 6. Bd3 c5 7. dxc5 Qa5+ 8. Nbd2
Qxc5 9. O-O Nc6 10. c4 Rd8 11. Rc1 Qa5 12. a3 Bg4 13. b4 Qc7 14. cxd5 Rxd5 15.
Be2 Rad8 16. Qe1 Qb8 17. h3 Bf5 18. Bc4 Bd3 19. Bxd5 Rxd5 20. Nc4 Bxf1 21. Qxf1
Qd8 22. Qe2 Ne4 23. Bxg7 Kxg7 24. Qb2+ f6 25. g3 Rd1+ 26. Kg2 b5 27. Rxd1 Qxd1
28. Ncd2 Nd6 29. Qc3 Nd8 30. Nd4 Kf7 31. Qb3+ Qxb3 32. N2xb3 e5 33. Nc2 Nc4 34.
Nc5 Ke7 35. Kf3 Ne6 36. Nd3 Kd6 37. Ke2 f5 38. f3 e4 39. fxe4 fxe4 40. Nf4 Nxf4+
41. exf4 Kd5 42. g4 a6 43. Ne3+ Kd4 44. Nd1 Nxa3 45. h4 Nc2 46. h5 Nxb4 47. hxg6
hxg6 48. Ne3 Nd3 49. f5 Nf4+ 50. Kd2 Ke5 51. fxg6 Nxg6 52. Kc3 a5 53. Nc2 Nf4 0-1

[Event "Titled Tue 10th Jun Early"]
[Site "chess.com INT"]
[Date "2025.06.10"]
[Round "1"]
[White "Bozorov, Javohir"]
[Black "Savicevs, Arsenijs"]
[Result "0-1"]
[WhiteTitle "FM"]
[BlackTitle "FM"]
[WhiteElo "2039"]
[BlackElo "2211"]
[WhiteFideId "14216957"]
[BlackFideId "11617489"]
[EventDate "2025.06.10"]

1. Nf3 c5 2. e3 Nc6 3. d4 d5 4. Bb5 Nf6 5. O-O e6 6. c4 cxd4 7. Ne5 Qc7 8. exd4
Bd6 9. Bf4 dxc4 10. Qf3 O-O 11. Bxc6 bxc6 12. Nd2 Bb7 13. Ndxc4 c5 14. Qe2 cxd4
15. Nxd6 Qxd6 16. Qb5 Qd5 17. Qxd5 Nxd5 18. Bg3 Rfd8 19. Rfd1 f6 20. Nc4 e5 21.
f4 Ba6 22. b3 Bxc4 23. bxc4 Ne3 24. Re1 exf4 25. Bxf4 Nc2 26. Rac1 Nxe1 27. Rxe1
d3 28. Rc1 Rac8 29. Bd2 Rd4 30. c5 Ra4 31. Kf2 Rxa2 32. Ke3 Re8+ 33. Kxd3 Rd8+
34. Ke3 Raxd2 35. c6 R2d6 36. Ke4 Rc8 37. c7 Rd7 38. Ra1 Rdxc7 39. Kd5 Kf7 40.
Kd6 Rc6+ 41. Kd5 a6 42. Rb1 a5 43. Rb7+ R8c7 44. Rb5 a4 45. Rb4 a3 46. Ra4 Rc5+
47. Kd6 Rc3 48. Ra8 R7c6+ 49. Kd5 Rb6 50. Ra7+ Kg6 51. Kd4 Rcb3 52. Kc4 R6b4+
53. Kc5 Re4 54. Kd5 Re2 55. Kc4 Rbe3 56. Kd4 a2 57. g4 Rb3 58. Kc4 Rb1 59. Kd3
Rxh2 60. Ke4 a1=Q 61. Rd7 Qe5+ 62. Kf3 Rb3+ 63. Rd3 Rxd3# 0-1

[Event "Titled Tue 10th Jun Early"]
[Site "chess.com INT"]
[Date "2025.06.10"]
[Round "1"]
[White "Ozcan, Kaan"]
[Black "Izafatava, Kira"]
[Result "0-1"]
[WhiteTitle "FM"]
[WhiteElo "2230"]
[BlackElo "2036"]
[WhiteFideId "34566422"]
[BlackFideId "13521705"]
[EventDate "2025.06.10"]

1. d4 d5 2. c4 e6 3. Nc3 Nf6 4. cxd5 exd5 5. Bg5 c6 6. e3 a6 7. Bd3 Be6 8. Qc2
Nbd7 9. Nge2 Bd6 10. O-O Qc7 11. h3 h6 12. Bf4 O-O 13. Rfc1 Nh5 14. Bxd6 Qxd6
15. e4 Nf4 16. e5 Nxe2+ 17. Qxe2 Qe7 18. f4 f5 19. Na4 Rac8 20. Nc5 Nxc5 21.
Rxc5 Kh8 22. Rac1 g5 23. Qh5 Qg7 24. fxg5 Qxg5 25. Qxg5 hxg5 26. b4 f4 27. Be2
Rc7 28. Bf3 Rg7 29. Kf2 g4 30. hxg4 Bxg4 31. Rh1+ Kg8 32. a4 Bxf3 33. gxf3 Kf7
34. b5 axb5 35. axb5 Rfg8 36. Rh2 Rg6 37. bxc6 bxc6 38. Ra5 Ke7 39. Ra7+ Kd8 40.
Rf7 Rg1 41. Rxf4 Ra1 42. Rh7 Ra2+ 43. Ke3 Ra3+ 44. Ke2 Ra2+ 45. Kd3 Ra3+ 46. Kc2
Rg2+ 47. Kb1 Rb3+ 48. Kc1 Rc3+ 49. Kd1 Rd3+ 50. Ke1 Rg8 51. Ke2 Ra3 52. Rg4 Ra2+
53. Ke3 Rf8 54. Rgg7 Ra3+ 55. Ke2 Raxf3 56. Rd7+ Kc8 57. Rc7+ Kb8 58. Rb7+ Ka8
59. Ra7+ Kb8 60. Rhb7+ Kc8 61. Rc7+ Kb8 62. Rcb7+ Kc8 63. Ra8+ Kxb7 64. Rxf8
Rxf8 0-1

[Event "Titled Tue 10th Jun Early"]
[Site "chess.com INT"]
[Date "2025.06.10"]
[Round "1"]
[White "Torres Rebolledo, Alvaro"]
[Black "Barseghyan, Armen Ar."]
[Result "1-0"]
[WhiteTitle "FM"]
[BlackTitle "IM"]
[WhiteElo "2318"]
[BlackElo "2348"]
[WhiteFideId "54587670"]
[BlackFideId "13306707"]
[EventDate "2025.06.10"]

1. d4 Nf6 2. c4 e6 3. Bf4 d5 4. cxd5 exd5 5. Nc3 c6 6. e3 Bf5 7. Nge2 Nbd7 8.
Ng3 Bg6 9. h4 h6 10. h5 Bh7 11. Bd3 Bxd3 12. Qxd3 Bb4 13. f3 O-O 14. Nf5 c5 15.
g4 cxd4 16. Nxd4 Nc5 17. Qc2 Nh7 18. a3 Bxc3+ 19. Qxc3 Rc8 20. Qd2 Ne6 21. Nf5
Nhg5 22. Kf2 Qf6 23. Rac1 Rxc1 24. Rxc1 d4 25. Bd6 dxe3+ 26. Qxe3 Qxb2+ 27. Kg3
Rd8 28. Be5 Qb5 29. Nd6 Qd5 30. f4 Rxd6 31. fxg5 Rc6 32. Rxc6 bxc6 33. gxh6 gxh6
34. Bc3 Qc5 35. Qd3 Qxa3 36. Qd2 a5 37. Kg2 a4 38. Bb2 Qb3 39. Ba1 Qd5+ 40. Qxd5
cxd5 41. Kf3 Kf8 42. Ke3 Ke7 43. Be5 Kd7 44. Ba1 Kc6 45. Kd3 Kc5 46. Bb2 Kb4 47.
Bf6 a3 48. g5 hxg5 49. h6 Nf8 50. Be7+ Kb3 51. Bxf8 f6 52. Bg7 d4 53. Bxf6 g4
54. Bxd4 g3 55. h7 g2 56. h8=Q g1=Q 57. Bxg1 Ka2 58. Qc3 Kb1 59. Bd4 Ka2 60.
Qc2# 1-0

[Event "Titled Tue 10th Jun Early"]
[Site "chess.com INT"]
[Date "2025.06.10"]
[Round "1"]
[White "Hemam, Moulaye Brahim"]
[Black "Purtseladze, Maka"]
[Result "0-1"]
[WhiteTitle "CM"]
[BlackTitle "IM"]
[WhiteElo "1956"]
[BlackElo "2261"]
[WhiteFideId "19600054"]
[BlackFideId "13602659"]
[EventDate "2025.06.10"]

1. e4 c6 2. d4 d5 3. Nc3 dxe4 4. Nxe4 Bf5 5. Ng3 Bg6 6. h4 h6 7. h5 Bh7 8. Nf3
Nd7 9. Bd3 Bxd3 10. Qxd3 e6 11. Bd2 Qc7 12. O-O-O Ngf6 13. Ne4 Bd6 14. Nxd6+
Qxd6 15. g3 Qd5 16. Kb1 O-O-O 17. c4 Qe4 18. Qxe4 Nxe4 19. Be3 Nd6 20. b3 Nf5
21. Bf4 Nf6 22. Be5 Ng4 23. Rhf1 Nxe5 24. dxe5 c5 25. g4 Ne7 26. Kc2 Nc6 27. Kc3
Rhf8 28. a3 f6 29. Rxd8+ Kxd8 30. Rd1+ Ke7 31. exf6+ Rxf6 32. Rd3 Rf4 33. Nh2
Rxf2 34. Nf3 e5 35. Re3 Kf6 36. b4 Nd4 37. Nxe5 Ne2+ 38. Kd3 Nf4+ 39. Kc3 cxb4+
40. axb4 Kg5 41. Nd7 Kxg4 42. Nc5 b6 43. Nd7 Re2 44. Rd3 Nxd3 45. Kxd3 Re7 46.
Nb8 a5 47. bxa5 bxa5 48. Nc6 Rd7+ 49. Kc3 Kxh5 50. Nxa5 g5 51. c5 g4 52. c6 Rc7
53. Kc4 g3 54. Kd5 g2 55. Kd6 g1=Q 56. Kxc7 Qa7+ 57. Kd8 Qxa5+ 58. c7 Kg4 59.
Kd7 Qxc7+ 60. Kxc7 h5 0-1